|
|
|
|
| LEADER |
00000nam0a2200000 4500 |
| 001 |
166979 |
| 005 |
20231031162634.0 |
| 010 |
|
|
|a 5247010329
|
| 020 |
|
|
|a RU
|b 90-55877
|
| 035 |
|
|
|a (RuTPU)RU\TPU\book\181114
|
| 090 |
|
|
|a 166979
|
| 100 |
|
|
|a 20091009d1990 m y0rusy5003 ca
|
| 101 |
0 |
|
|a rus
|
| 102 |
|
|
|a RU
|
| 105 |
|
|
|a a j 001zy
|
| 200 |
1 |
|
|a Технология, механизация и организация подземных горных работ
|e [Учеб. для горн. спец. вузов]
|f М. Л. Жигалов, С. А. Ярунин
|
| 210 |
|
|
|a Москва
|c Недра
|d 1990
|
| 215 |
|
|
|a 423 с.
|c ил.
|d 22 см
|
| 225 |
1 |
|
|a Высшее образование
|
| 320 |
|
|
|a Библиогр.: с. 415-416 (40 назв.).
|
| 320 |
|
|
|a Предм. указ.: с. 417-419.
|
| 610 |
1 |
|
|a полезные ископаемые
|
| 610 |
1 |
|
|a горное дело
|
| 610 |
1 |
|
|a горные работы
|
| 610 |
1 |
|
|a подземная добыча
|
| 610 |
1 |
|
|a технология
|
| 610 |
1 |
|
|a механизация
|
| 610 |
1 |
|
|a рудные месторождения
|
| 610 |
1 |
|
|a подземные рудники
|
| 610 |
1 |
|
|a очистные выемки
|
| 610 |
1 |
|
|a вскрытие
|
| 610 |
1 |
|
|a пластовые месторождения
|
| 610 |
1 |
|
|a шахтные поля
|
| 610 |
1 |
|
|a угольные месторождения
|
| 610 |
1 |
|
|a учебники
|
| 675 |
|
|
|a 622.272(075.8)
|z rus
|
| 700 |
|
1 |
|a Жигалов
|b М. Л.
|g Михаил Леонидович
|4 070
|
| 701 |
|
1 |
|a Ярунин
|b С. А.
|g Сергей Александрович
|4 070
|
| 801 |
|
0 |
|a RU
|b RuMRKP
|c 19950417
|g psbo
|
| 801 |
|
1 |
|a RU
|b 63413507
|c 20091009
|
| 801 |
|
2 |
|a RU
|b 63413507
|c 20100628
|g RCR
|
| 942 |
|
|
|c BK
|